Problems and solutions on optics
Uloženo v:
| Hlavní autor: | |
|---|---|
| Médium: | Kniha |
| Jazyk: | angličtina |
| Vydáno: |
Singapur
World Scientific
1991
|
| Témata: | |
| Tagy: |
Přidat tag
Žádné tagy, Buďte první, kdo vytvoří štítek k tomuto záznamu!
|
MARC
| LEADER | 00000nam a2200000 a 4500 | ||
|---|---|---|---|
| 001 | UCO6007 | ||
| 003 | CL-VaPUC | ||
| 008 | 000929e19910000si |||||||||||||||||eng|d | ||
| 082 | 0 | 4 | |a 535 |b YUN |2 21 |
| 100 | 0 | |a Yung-Kuo, Lim |e author |9 450803 | |
| 245 | 1 | 0 | |a Problems and solutions on optics |
| 300 | |a 192 p | ||
| 942 | |c BK | ||
| 945 | |d 20000929 00:00:00 |a vberengu | ||
| 260 | |a Singapur |b World Scientific |c 1991 | ||
| 650 | 0 | |a Optica |9 263171 | |
| 650 | 7 | |a OPTICA FISICA |2 CL-VaPUC |9 271669 | |
| 650 | 0 | |a Propagación de ondas |9 263256 | |
| 650 | 7 | |a PROPIEDADES OPTICAS |2 CL-VaPUC |9 450804 | |
| 583 | |a last modification |c 20171221 03:20:21 |k Rodrigo Vera | ||
| 999 | |c 291802 |d 291800 | ||
| 952 | |0 0 |1 0 |4 0 |6 535_000000000000000_YUN_1991 |7 0 |8 A |9 341998 |a BIBCUR |b BIBCUR |d 2019-11-20 |i 3653927 |l 1 |o 535 YUN 1991 |p 3653927 |r 2025-04-22 |s 2023-07-04 |w 2019-11-20 |y BK |k FIS | ||
| 952 | |0 0 |1 0 |4 0 |6 535_000000000000000_YUN_1991 |7 0 |8 A |9 341999 |a BIBCUR |b BIBCUR |d 2019-11-20 |i 4030192 |o 535 YUN 1991 |p 4030192 |r 2025-04-22 |w 2019-11-20 |y BK |k FIS | ||